000 00423nam a22001697a 4500
020 _a9789386637796
082 _aM1
_bVIJ/D
100 _aVijayarajamallika
245 _aDaivathinte Makal/
_cby Vijayarajamallika
250 _a2
260 _aThiruvananthapuram:
_bChintha Publishers,
_c2020.
300 _a80p.
650 _aPoetry Malayalam
650 _aLiterature Malayalam
650 _aLiterature
942 _cBK
999 _c181588
_d181588